000 00407nam a2200157Ia 4500
005 20250616001517.0
008 240331s9999 xx 000 0 und d
020 _a9552013208
082 _bSEN
_a306
100 _aSenaratne, P.M
245 0 _aSri Lankave sanskruthika dayada
260 _aColombo
_bS. Godage & Brothers
_c1995
300 _a339 p .,
500 _aSri Lanka's Cultural Heritage
942 _cL
999 _c2119
_d2119